| 000 | 00669nam a22001937a 4500 | ||
|---|---|---|---|
| 005 | 20241112105607.0 | ||
| 008 | 241021b |||||||| |||| 00| 0 eng d | ||
| 020 | _a9786214271429 | ||
| 082 | _aDFil 658.5 Se683 2023 | ||
| 100 |
_aSerrano, Angelita Ong Camilar. _917107 |
||
| 245 |
_aTotal quality management / _cAngelita Ong Camilar-Serrano. |
||
| 250 | _aSecond edition. | ||
| 260 |
_aManila : _bUnlimited Books Library Services & Publishing, Inc., _c©2023. |
||
| 300 |
_ax, 260 pages : _billustrations ; _c25 cm. |
||
| 500 | _aIncludes bibliography. | ||
| 650 | 0 |
_aTotal quality management. _963972 |
|
| 650 | 0 |
_aProduction management. _963973 |
|
| 942 |
_2ddc _cDFIL |
||
| 999 |
_c22717 _d22717 |
||